Responses for Show #7880 - Friday, December 7, 2018

Contestants

[<< previous game]

Nick Wawrykow, a graduate student from Ann Arbor, Michigan

Staci Huffman, a certified public accountant from Nine Mile Falls, Washington

Dave Leffler, a retired police officer from Pittsburgh, Pennsylvania (whose 4-day cash winnings total $100,102)

[next game >>]

Jeopardy! Round responses

DAY ONE
ALL ABOUT AUTHORS
GET "HIP"
HEELS
FACES
PRO WRESTLING
    $200 14
Orlando

Nick
    $200 1
(Hans Christian) Andersen

Dave
    $200 3
a hipster

Staci
    $200 26
Katy Perry

Staci
    $200 22
Kevin Durant

Nick
    $200 9
Andre the Giant

Dave
    $400 15
the birth control pill

Staci
    $400 2
(Staci: Who is Pa--Pier--[*]?)

(James) Patterson

Staci
    $400 4
to shoot from the hip

Dave
    $400 10
a kitten (heel)

Staci
    $400 12
Cook

Nick
    $400 23
nelson

Nick
    $600 18
the Air and Space Museum

Dave
    $600 5
(Pat) Conroy

Staci
    $600 6
(Dave: What is Hungry Hungry Hippo?)

Hungry Hungry Hippos

DaveNick
    $600 11
a platform

Dave
    $600 13
(Gretchen) Carlson

Dave
    $600 24
(Alex: Less than a minute now.)

chairs

Dave
    $800 19
pop art

Nick
    $1,000 7
(Nick: What is pop?)

gonzo

Nick
    $800 16
the hippocampus

Dave
    $800 27
a slingback

Staci
    $800 21
(Ronan) Farrow

Staci
    $800 29
(Dave: Who is Ivanka Trump?)
...
[The end-of-round signal sounds.]

(Marla) Maples

DaveStaci
    $1000 20
(Staci: What is the Continental Congress?)

the Constitutional Convention

DaveStaci
    $1000 8
Philip Roth

Triple Stumper
    $1000 17
the Hippocratic Oath

Nick
    $1000 28
Manolo Blahnik

Triple Stumper
    $1000 25
(Nikki) Haley

Dave

Scores at the first commercial break (after clue 15):

Dave Staci Nick
$1,400 $2,000 $200

Scores at the end of the Jeopardy! Round:

Dave Staci Nick
$4,600 $3,600 $2,600

Double Jeopardy! Round responses

THE MEDICAL FILE OF ALEX TREBEK
WHAT A COUNTR"E"
IT'S JUST GRASS, MAN
SIGNATURE DRINKS OF FICTIONAL CHARACTERS
AFTER THE CIVIL WAR
A CHOICE 4-LETTER WORD
    $400 15
your tonsils

Nick
    $400 8
Ecuador

Staci
    $400 27
(Alex: Less than a minute now.)

cereal

Staci
    $400 4
Rocky (Balboa)

Dave
    $400 26
(John T.) Ford

Dave
    $400 25
to vote

Nick
    $800 17
(Alex: I've had everything, haven't I? Yeah. I'm not well.)

carpal tunnel

Staci
    $800 7
Ethiopia

Dave
    $800 28
bluegrass

Nick
    $800 5
Duff

Staci
    $800 23
Little Big Horn

Nick
    $800 24
a veto

Staci
    $1200 12
an Achilles tendon

Nick
    $1200 6
Egypt

Staci
    $1200 3
(Nick: What is prairie grass?)

buffalo grass

DaveNick
    $1200 11
the Cosmopolitan

Staci
    $1200 22
Benjamin Harrison

Staci
    $1200 18
a want ad

Dave
    $1600 13
a fusion

Nick
    $2,000 9
Estonia

Staci
    $1600 30
(Nick: What is bamboo?)
(Dave: What is rice?)

lemongrass

DaveNick
Triple Stumper
    $1600 1
a White Russian

Nick
    $1600 16
Andersonville

Staci
    $1600 19
the mark

Dave
    $2000 14
(Nick: What is a hemorrhage?)

a hematoma

DaveNick
    $2000 10
Equatorial Guinea

Nick
    $2000 29
foxtail

Triple Stumper
    $2000 2
pumpkin juice

Staci
    $6,000 21
McClellan

Nick
    $2000 20
to thin (or cull)

Nick

Scores at the end of the Double Jeopardy! Round:

Dave Staci Nick
$10,600 $16,000 $14,600

[wagering suggestions for these scores]

Final Jeopardy! Round responses

OPERA
DaveWhat is Antony Antony & Cleopatra?
$10,600
NickWhat Aida
$6,601
StaciWhat is Aida?
$13,201
Aida

Final scores:

Dave Staci Nick
$0 $29,201 $21,201
3rd place: $1,000 New champion: $29,201 2nd place: $2,000

Game dynamics:

Coryat scores:

Dave Staci Nick
$10,600 $15,600 $11,600
17 R,
3 W
20 R
(including 1 DD),
1 W
17 R
(including 1 DD),
4 W
(including 1 DD)

Combined Coryat: $37,800

[game clues] [game scores] [suggest correction]

Game tape date: 2018-10-30
The J! Archive is created by fans, for fans. Scraping, republication, monetization, and malicious use prohibited; this site may use cookies and collect identifying information. See terms. The Jeopardy! game show and all elements thereof, including but not limited to copyright and trademark thereto, are the property of Jeopardy Productions, Inc. and are protected under law. This website is not affiliated with, sponsored by, or operated by Jeopardy Productions, Inc. Join the discussion at JBoard.tv.